| 000 | 01407nam a22002537a 4500 | ||
|---|---|---|---|
| 005 | 20120710152848.0 | ||
| 010 | _aB-462364-368 | ||
| 020 |
_a9788125040989 _c295.00 |
||
| 035 | _aB-462364-368 | ||
| 037 |
_adpl _bK.K.Pub/Ven |
||
| 082 | _aS | ||
| 100 |
_aTagore, Rabindranath _950070 |
||
| 245 |
_aStreer Patra And Other Stories/ _cby Rabindranath Tagore |
||
| 260 |
_aNew Delhi _bOrient Blackswan _c2010 |
||
| 270 |
_a1/24 Asaf Ali Road _bNew Delhi |
||
| 300 |
_a349p _c22cm |
||
| 942 |
_2ddc _cEN _hS _mTAG |
||
| 999 |
_c68389 _d68389 |
||